00280nam a2200097Ia 4500008004100000100001800041245002900059245004400088260000900132856004100141160531s9999 xx 000 0 und d aFunchal, R.Z. 4aThe Physics of Neutrinos cby R.Z. Funchal, B. Schmauch, G. Giesen c2013 uhttp://arxiv.org/pdf/1308.1029v1.pdf